Encounters with nineteenth-century continental philosophy discussions and debates

Bibliographic Details
Other Authors: Stewart, Jon (Jon Bartley) (Editor), Dip, Patricia Carina, 1969- (Editor)
Format: Book
Language:English
PhysicalDescription:xvi, 305 strán 25 cm
Published: Leiden Brill [2024]
ISBN:9789004689442
ISSN:2949-9518
Series:New research in the history of Western philosophy
Subjects:

MARC

LEADER 00000nam a2200000 4500
001 vtls012263434
003 SK-MaSNL
005 20260425224530.0
008 240911t2024 ne g n 001 0 eng
020 |a 9789004689442  |q (viazané) 
040 |a SNK  |b slo  |c SNK  |e rda 
041 0 |a eng 
044 |a ne  |c NL 
072 7 |a 101  |x Filozofia  |2 konspekt 
072 7 |a 14  |x Filozofické systémy a hľadiská  |2 konspekt 
080 |a 101  |2 2011 
080 |a 14(091)  |2 2011 
080 |a 101.8  |2 2011 
080 |a 1:001  |2 2011 
080 |a 101:001.891  |2 2001 
080 |a "18"  |2 2011 
080 |a (048.8:082)  |2 2011 
245 0 0 |a Encounters with nineteenth-century continental philosophy  |b discussions and debates  |c edited by Jon Stewart, Patricia C. Dip 
264 1 |a Leiden  |b Brill  |c [2024] 
264 4 |c ©2024 
300 |a xvi, 305 strán  |c 25 cm 
336 |a text  |b txt  |2 rdacontent 
337 |a bez média  |b n  |2 rdamedia 
338 |a zväzok  |b nc  |2 rdacarrier 
490 1 |a New research in the history of Western philosophy  |x 2949-9518  |v volume 4 
504 |a Obsahuje bibliografiu ; bibliografické odkazy ; register 
648 7 |a 19. storočie  |2 SNKPH  |9 277854 
648 7 |a 19th century  |2 SNKPHeng  |9 306372 
650 0 7 |a filozofia  |2 SNKPH  |9 793 
650 0 7 |a dejiny filozofie  |2 SNKPH  |9 66641 
650 0 7 |a filozofické myslenie  |2 SNKPH  |9 1642 
650 0 7 |a filozofia a veda  |2 SNKPH  |9 67678 
650 0 7 |a filozoficky výskum  |2 SNKPH  |9 372707 
650 0 7 |a Philosophy  |2 SNKPHeng  |9 266492 
650 0 7 |a History of philosophy  |2 SNKPHeng  |9 281655 
650 0 7 |a Philosophical thought  |2 SNKPHeng  |9 291107 
650 0 7 |a Philosophy and science  |2 SNKPHeng  |9 277911 
650 0 7 |a Philosophical research  |2 SNKPHeng  |9 372708 
655 7 |a kolektívne monografie  |2 SNKPH  |9 249850 
655 7 |a Collective monographs  |2 SNKPHeng  |9 125747 
700 1 |a Stewart, Jon  |q (Jon Bartley)  |4 edt  |9 372709 
700 1 |a Dip, Patricia Carina,  |d 1969-  |4 edt  |9 372710 
830 0 |a New research in the history of Western philosophy  |9 372711 
852 |a Slovenská národná knižnica 
919 |a 978-90-04-68944-2 
999 |c 616321  |d 618251 
952 |a SNK  |b SNK  |y NEVYP  |7 1  |p 17A1583408  |o snkSC 213421  |i snk2026/436  |8 3  |g 157.77  |0 0  |1 0  |4 0  |d 2026-01-13  |l 0  |r 2026-02-23 16:38:51  |w 2026-02-23